000 00201 a2200097 4500
001 11135
100 _aJackson, R.
245 _aSouth Asian cr
260 _a
_bChatto & Windus
_c
090 _c8689
_d8689
942 _aNUST-CAE
_cM
_c35476
999 _c246208
_d246208